Deltarune: All Recruits - Statistics

General Stats
  • This quiz has been taken 84 times
  • The average score is 22 of 34
Answer Stats
Chapter
Spares
needed
to recruit
Recruit % Correct
Chapter 1 automatic Hathy
96%
Chapter 1 automatic Rudinn
90%
Chapter 3 25 Shadowguy
90%
Chapter 1 automatic Head Hathy
88%
Chapter 2 5 Tasque
88%
Chapter 2 6 Werewire
88%
Chapter 2 1 Tasque Manager
83%
Chapter 2 1 Werewerewire
83%
Chapter 3 5 Pippins
77%
Chapter 1 automatic Bloxer
75%
Chapter 3 automatic Elnina
75%
Chapter 3 automatic Lanino
75%
Chapter 2 3 Maus
71%
Chapter 2 1 Mauswheel
71%
Chapter 1 automatic Rudinn Ranger
71%
Chapter 2 4 Virovirokun
71%
Chapter 4 2 Mizzle
69%
Chapter 2 4 Ambyu-lance
63%
Chapter 4 1 Miss Mizzle
63%
Chapter 3 2 Shuttah
60%
Chapter 1 automatic Jigsawry
56%
Chapter 2 5 Swatchling
56%
Chapter 3 1 Watercooler
56%
Chapter 2 3 Poppup
54%
Chapter 1 automatic Rabbick
54%
Chapter 3 2 Zapper
54%
Chapter 4 3 Guei
50%
Chapter 3 3 Ribbick
50%
Chapter 1 automatic Ponman
44%
Chapter 4 2 Winglade
44%
Chapter 4 3 Bibliox
42%
Chapter 4 5 Balthizard
40%
Chapter 4 3 Organikk
40%
Chapter 4 2 Wicabel
35%
No matching quizzes found
Score Distribution
Percent of People with Each Score
Percentile by Number Answered
Your Score History
You have not taken this quiz